000
00210 a2200109 4500
020
_a
9781534418370
041
_a
spa
100
_a
Martin Jr, Bill
245
_a
Chica chica bum bum
942
_c
BK
952
_7
1
999
_c
25336
_d
25336